=LDR 00000nam 2200000 4500 =001 INLIS000000000023697 =005 20130612122333 =008 ***********************************Ind** =035 ##$$0010-061300000023697 =041 ##$$a Ind =082 ##$$a 650.07 =090 ##$$a 650.07, Sug m =100 ##$$a Sugiyono =245 ##$$a Metode penelitian bisnis, Sugiyono =260 ##$$a 2006 $b Bandung =300 ##$$a 335 hlm, ilus, 25 cm =650 ##$$a Bisnis =850 ##$$a NBPNMAT